Biggest US-Canada border Cities - Statistics

General Stats
  • This quiz has been taken 17 times
  • The average score is 7 of 30
Answer Stats
State/Province Population City % Correct
New York 1,057,346 Buffalo
100%
Ontario 108,974 Niagara Falls
71%
New York 62,160 Niagara Falls
71%
Ontario 306,519 Windsor
71%
Ontario 76,423 Sault Ste. Marie
59%
Michigan 15,509 Sault Ste. Marie
59%
British Columbia 702,458 Surrey
41%
Alaska 35,016 Juneau
35%
Ontario 83,948 Sarnia
35%
Michigan 43,307 Port Huron
29%
British Columbia 168,478 Abbotsford
24%
British Columbia 116,610 Delta
24%
Ontario 31,097 Fort Erie
18%
Ontario 23,190 Brockville
12%
Michigan 4,119,673 Michigan
12%
New York 12,101 Ogdensburg
12%
Ontario 24,115 Amherstburg
6%
Ontario 50,296 Cornwall
6%
Ontario 6,631 Corunna
6%
Ontario 33,649 LaSalle
6%
New York 17,221 Lewiston
6%
Michigan 11,024 Marysville
6%
Ontario 20,893 Niagara-on-the-Lake
6%
Michigan 10,116 Ecorse
0%
Minnesota 18,585 Edmundston
0%
Ontario 8,017 Fort Frances
0%
Michigan 11,594 Grosse Ile
0%
Michigan 13,019 Grosse Pointe Park
0%
Michigan 7,725 River Rouge
0%
Michigan 27,076 Wyandotte
0%
No matching quizzes found
Score Distribution
Percent of People with Each Score
Percentile by Number Answered
Your Score History
You have not taken this quiz